000 00283 a2200109 4500
001 68578
040 _cAnchieta - Itaigara
240 1 0 _aProjeto Novos Baianos
_l
245 1 0 _aProjeto Novos Baianos
650 4 _aDocumentários, mídia educacional, jornalismo e publicidade
942 _cMX
999 _c68578
_d68578